000 00683nam a2200181Ia 4500
008 090123s9999 xx 000 0 und d
082 _b9118
100 _aखाडिलकर नीलकंठ यशवंत
245 _aप्रॅक्टिकल सोशॅलिझम
250 _a2
260 _bशलाका प्रकाशन
_c1984
300 _a100
600 _aखाडिलकर नीलकंठ यशवंत
630 _aप्रॅक्टिकल सोशॅलिझम
700 _aखाडिलकर नीलकंठ यशवंत
730 _aप्रॅक्टिकल सोशॅलिझम
942 _cBOOK
999 _c47183
_d47183